| 000 | 00659nam a2200181Ia 4500 | ||
|---|---|---|---|
| 008 | 100920s9999 xx 000 0 und d | ||
| 082 |
_b98098 _a28 व 891,43 न 07 |
||
| 100 | _aमदान अमृतलाल. | ||
| 245 | _aश्रेष्ठ बाल एकांकी. | ||
| 260 |
_bआधार प्रकाशन, हरियाणा. _c2007 |
||
| 300 |
_a112 _bसाधी |
||
| 365 | _b50 | ||
| 520 | _aबा.वि.हिंदी. | ||
| 630 | _aश्रेष्ठ बाल एकांकी. | ||
| 650 | _aबा.वि.हिंदी. | ||
| 730 | _aश्रेष्ठ बाल एकांकी. | ||
| 942 | _cBOOK | ||
| 999 |
_c738536 _d738533 |
||